000 01319nam a2200397 i 4500
001 6873
003 KOSZ 005
005 20191109102347.0
008 961010s1995 pl f |000 0 pol d
020 _a8386141085
040 _cKOSZ 005
_aKOSZ 005
_dKOSZ 005/HR
041 0 _apol
046 _k1995
080 _a657
080 _a658.14/.17
080 _a(07)
100 1 _aIgnatowski, Radosław
_eAutor
245 1 0 _aSprawozdawczość finansowa firm w 1995 roku /
_c[Radosław Ignatowski, Monika Marcinkowska, Jerzy Marcinkowski].
260 _aGdańsk :
_bOśrodek Doradztwa i Doskonalenia Kadr,
_c1995.
300 _a177 s. ;
_c21 cm.
336 _2rdacontent
_aTekst
_btxt
337 _2rdamedia
_aBez urządzenia pośredniczącego
_bn
338 _2rdacarrier
_aWolumin
_bnc
380 _aKsiążki
380 _aPublikacje fachowe
388 _a1901-2000
388 _a1989-2000
650 7 _aSprawozdawczość finansowa
650 7 _aFinanse przedsiębiorstwa
655 _aPodręcznik
658 _aGospodarka, ekonomia, finanse
700 1 _aMarcinkowska, Monika
_d(1973- )
_eAutor
700 1 _aMarcinkowski, Jerzy
_eAutor
856 _uhttp://koha.tu.koszalin.pl/cgi-bin/koha/opac-detail.pl?biblionumber=6873
_yKatalog online BPK
942 _cKS
_2UKD
999 _c6873
_d6873